000 01137pam a2200277 a 4500
020 _a0304361437
082 0 0 _a350.02
_bPEW
_cL-30, P-149
100 1 _aPeniakoff, Vladimir,
_948659
245 1 0 _aPrivate army /
_cVladimir Peniakoff ; with a new foreword by John Campbell.
250 _aCassell military paperbacks ed.
260 _aLondon :
_bJonathan cape thirty bedford square
300 _a512 p.
_bill.
500 _aOriginally published: London : Cape, 1950, under the title: Private army.
526 _a0
_b0
_c0
_d350_020000000000000_PEW
526 _a0
_b0
_c0
_d350_020000000000000_PEW
526 _a0
_b0
_c0
_d350_020000000000000_PEW
526 _a0
_b0
_c0
_d350_020000000000000_PEW
650 0 _aMCE
_9379
650 0 _aWorld War, 1939-1945
_928174
650 0 _aWorld War, 1939-1945
_xCampaigns
_zAfrica, North.
_937824
650 0 _aWorld War, 1939-1945
_xCampaigns
_zItaly.
_912837
650 0 _aWorld War, 1939-1945
_xSecret service
_zAfrica, North.
_948660
856 4 2 _uhttp://www.loc.gov/catdir/bios/orion051/2004445669.html
856 4 2 _uhttp://www.loc.gov/catdir/description/ste051/2004445669.html
942 _2ddc
_cBK
999 _c551521
_d551521